Normal view MARC view
  • Geography

Entry Topical Term

Number of records used in: 3

001 - CONTROL NUMBER

  • control field: 162

003 - CONTROL NUMBER IDENTIFIER

  • control field: NUST

005 - DATE AND TIME OF LATEST TRANSACTION

  • control field: 20170509114416.0

008 - FIXED-LENGTH DATA ELEMENTS

  • fixed length control field: 170509|| aca||aabn | a|a d

040 ## - CATALOGING SOURCE

  • Original cataloging agency: NUST
  • Transcribing agency: NUST

150 ## - HEADING--TOPICAL TERM

  • Topical term or geographic name entry element: Geography
  • General subdivision: Statistical methods.

670 ## - SOURCE DATA FOUND

  • Source citation: Work cat.: (NUST)0: Walford, Nigel. 161, Practical statistics for geographers and earth scientists /, 2011.
© 2023 Central Library, National University of Sciences and Technology. All Rights Reserved.